[Event "Fyli op 4th"]
[Site "Fyli"]
[Date "2012.04.28"]
[Round "4"]
[White "Papastavridis, Efthimios"]
[Black "Tsoukaraki, Athina"]
[Result "0-1"]
[WhiteElo "1690"]
[BlackElo "1467"]
[PlyCount "56"]
[EventDate "2012.03.24"]
[EventType "swiss"]
[EventRounds "7"]
[EventCountry "GRE"]
[SourceTitle "EXT 2013"]
[Source "ChessBase"]
[SourceDate "2012.11.22"]
[SourceVersion "1"]
[SourceVersionDate "2012.11.22"]
[SourceQuality "1"]

1. e4 e5 2. Nf3 Nc6 3. Bc4 Nf6 4. d3 Bc5 5. c3 d6 6. b4 Bb6 7. Bg5 Bg4 8. h3 Bh5 9. Nbd2 0-0 10. a4 a6 11. a5 Ba7 12. Bd5 h6 13. Be3 Nxd5 14. exd5 Ne7 15. Bxa7 Rxa7 16. Qb3 f5 17. Nxe5 dxe5 18. d6+ Bf7 19. dxe7 Qxe7 20. Qc2 Re8 21. 0-0 Raa8 22. Rfe1 Rad8 23. Nf3 Qd6 24. Rad1 Bh5 25. Qe2 Qd5 26. g4 fxg4 27. Nxe5 gxh3 28. Qxh5 Qg2# 0-1

[Event "Fyli op 4th"]
[Site "Fyli"]
[Date "2012.03.24"]
[Round "1"]
[White "Karystianos, Petros"]
[Black "Papastavridis, Efthimios"]
[Result "0-1"]
[WhiteElo "1477"]
[BlackElo "1690"]
[PlyCount "78"]
[EventDate "2012.03.24"]
[EventType "swiss"]
[EventRounds "7"]
[EventCountry "GRE"]
[SourceTitle "EXT 2013"]
[Source "ChessBase"]
[SourceDate "2012.11.22"]
[SourceVersion "1"]
[SourceVersionDate "2012.11.22"]
[SourceQuality "1"]

1. e4 e6 2. d4 d5 3. Nc3 Nf6 4. Bg5 Be7 5. Bxf6 Bxf6 6. Nf3 0-0 7. Bd3 b6 8. 0-0 Ba6 9. Bxa6 Nxa6 10. Qe2 dxe4 11. Qxe4 c5 12. Rad1 cxd4 13. Nxd4 Nc5 14. Qe3 Qc8 15. f4 Rd8 16. Nf3 Bxc3 17. Qxc3 Ne4 18. Rxd8+ Qxd8 19. Qd4 Qxd4+ 20. Nxd4 Rd8 21. c3 h6 22. Re1 Nc5 23. Re3 Na4 24. b3 Nxc3 25. Rxc3 Rxd4 26. Rf3 Rd1+ 27. Rf1 Rxf1+ 28. Kxf1 Kf8 29. Ke2 Ke7 30. Kd3 Kd6 31. Kc4 a6 32. a4 g5 33. fxg5 hxg5 34. g4 Ke5 35. b4 f5 36. gxf5 exf5 37. a5 bxa5 38. bxa5 Ke4 39. Kc5 f4 0-1

[Event "Fyli op 3rd"]
[Site "Fyli"]
[Date "2011.10.21"]
[Round "6"]
[White "Papastavridis, Efthimios"]
[Black "Kouliouras, Ioannis"]
[Result "1-0"]
[WhiteElo "1650"]
[BlackElo "1665"]
[PlyCount "39"]
[EventDate "2011.09.16"]
[EventType "swiss"]
[EventRounds "7"]
[EventCountry "GRE"]
[SourceTitle "EXT 2013"]
[Source "ChessBase"]
[SourceDate "2012.11.22"]
[SourceVersion "1"]
[SourceVersionDate "2012.11.22"]
[SourceQuality "1"]

1. e4 a6 2. Nf3 b5 3. d4 Bb7 4. Bd3 Nf6 5. e5 Nd5 6. c4 bxc4 7. Bxc4 e6 8. 0-0 c5 9. Nc3 Nxc3 10. bxc3 d5 11. exd6 cxd4 12. Nxd4 Bxd6 13. Qg4 0-0 14. Bg5 Be7 15. Nxe6 fxe6 16. Qxe6+ Kh8 17. Bxe7 Qe8 18. Bxf8 Qxf8 19. Qf7 Qc8 20. Be6 1-0

[Event "Fyli op 2nd"]
[Site "Fyli"]
[Date "2011.05.06"]
[Round "3"]
[White "Papastavridis, Efthimios"]
[Black "Niarhos, Konstantinos"]
[Result "1-0"]
[WhiteElo "1235"]
[BlackElo "1385"]
[PlyCount "89"]
[EventDate "2011.04.15"]
[EventType "swiss"]
[EventRounds "7"]
[EventCountry "GRE"]
[SourceTitle "EXT 2013"]
[Source "ChessBase"]
[SourceDate "2012.11.22"]
[SourceVersion "1"]
[SourceVersionDate "2012.11.22"]
[SourceQuality "1"]

1. e4 c5 2. c3 Nc6 3. Nf3 d6 4. d4 Bg4 5. d5 Ne5 6. Bb5+ Nd7 7. h3 Bxf3 8. Qxf3 a6 9. Bxd7+ Qxd7 10. 0-0 0-0-0 11. Qxf7 Nf6 12. Nd2 g5 13. Qe6 Bh6 14. Qxd7+ Kxd7 15. g4 Bg7 16. f3 h5 17. Kg2 hxg4 18. hxg4 Rh4 19. Rh1 Rdh8 20. Rxh4 Rxh4 21. Nc4 Nh7 22. Ne3 Be5 23. Nf1 b5 24. Bd2 a5 25. Rb1 e6 26. Be1 Rh6 27. Bg3 Bf4 28. Bxf4 gxf4 29. dxe6+ Kxe6 30. Nd2 Nf6 31. Rh1 Rg6 32. Nb3 a4 33. Nc1 c4 34. Ne2 Ke5 35. Nd4 d5 36. exd5 Nxd5 37. Rh5+ Kd6 38. Nxb5+ Kc5 39. Nc7 Rd6 40. Rxd5+ Rxd5 41. Nxd5 Kxd5 42. Kh3 Ke5 43. Kh4 Kf6 44. Kh5 Kg7 45. Kg5 1-0